| LEADER |
00747nam0a2200181 450 |
| 001 |
16848120 |
| 010 |
|
|
|a 978-2-36098-167-0
|b br.
|d 14
|
| 100 |
|
|
|a 20150331d2015 u u0frey01 ba
|
| 101 |
0 |
|
|a fre
|
| 102 |
|
|
|a FR
|
| 200 |
0 |
|
|a Je désherbe sans produits chimiques !
|e allées, pelouses, potager, massifs fleuris...
|f Denis Pépin
|
| 207 |
|
1 |
|a
|
| 215 |
|
|
|a 118 p.
|c illustrations en couleur
|d 21 x 21 cm
|
| 330 |
|
|
|a Des conseils pour désherber de façon naturelle : à l'eau bouillante, à la flamme, avec des paillages, des outils spécifiques, etc.
|
| 700 |
|
0 |
|a Pépin
|b Denis
|4 70
|
| 900 |
|
|
|a Documentaire
|
| 901 |
|
|
|a Accessible au prêt
|
| 995 |
|
|
|a Bibliothèque
|c Bibliothèque
|f 00156009934340
|h 00156009934340
|k 632 PEP
|o p
|q a
|r az
|e Bibliothèque
|